| 000 | 00805nam a2200229Ii 4500 | ||
|---|---|---|---|
| 003 | JO-AjNU | ||
| 008 | 230605s9999||||xx |||||||||||||| ||und|| | ||
| 017 | _a2004/5/1238 | ||
| 020 | _a978-9957-07-412-1 | ||
| 040 |
_aJO-AjNU _bara _erda _cJO-AjNU |
||
| 041 | _aara | ||
| 050 | 1 | 4 | _aBF637.H87.2012 |
| 100 | 3 |
_aحسين، طه عبد العظيم , _eauthor _942759 |
|
| 245 | 0 | 0 | _aالإرشاد النفسي:النظرية-التطبيق-التكنولوجيا |
| 250 | _aط4 | ||
| 264 | 3 | 1 | _aعمان:دار الفكر ناشرون وموزعون ، 2012 |
| 300 | _a315ص | ||
| 336 |
_atext _btxt _2rdacontent |
||
| 337 |
_aunmediated _bn _2rdamedia |
||
| 338 |
_avolume _bnc _2rdacarrier |
||
| 650 | 4 |
_aالارشاد النفسي-المرشدون النفسيون-توجيه الطلاب _942760 |
|
| 999 |
_aA18333 _c21901 _d21901 |
||